Finančné dáta a ich grafické zobrazenie v jazyku R

Analýza finančných dát ako jedna z východísk pri stanovení investičnej stratégie. Grafické zobrazenie dát - základný nástroj finančnej analýzy. Možnosti programového systému R, ktorý umožňuje rôzne spôsoby zobrazenia finančných dát. Výhoda systému - flexibilita, neustále doplňovanie použiteľných bal...

Descripción completa

Guardado en:
Detalles Bibliográficos
Autor principal: Pekár, Juraj, 1972-
Otros Autores: Pčolár, Mário, 1995-
Formato: Capítulo de libro
Lenguaje:eslovaco
Materias:
Etiquetas: Agregar Etiqueta
Sin Etiquetas, Sea el primero en etiquetar este registro!

MARC

LEADER 00000naa$a2200000$$$4500
001 0259983
005 20240502074117.5
041 0 |a slo 
044 |a SK 
245 1 0 |a Finančné dáta a ich grafické zobrazenie v jazyku R  |c Juraj Pekár, Mário Pčolár 
520 |a Analýza finančných dát ako jedna z východísk pri stanovení investičnej stratégie. Grafické zobrazenie dát - základný nástroj finančnej analýzy. Možnosti programového systému R, ktorý umožňuje rôzne spôsoby zobrazenia finančných dát. Výhoda systému - flexibilita, neustále doplňovanie použiteľných balíkov, ktoré sú aktualizované na základe najnovších vedeckých poznatkov. 
610 2 0 |a analýza finančná 
610 2 0 |a dáta 
610 2 0 |a jazyky programovacie 
610 2 0 |a softvér 
610 2 0 |a grafy 
100 1 |a Pekár, Juraj, 1972- 
700 1 |a Pčolár, Mário, 1995-